| 000 | 00479nam a2200157 a 4500 | ||
|---|---|---|---|
| 005 | 20140412111302.0 | ||
| 008 | 001116s19uu xx 00 eng d | ||
| 020 | _a0-7214-1742-6 | ||
| 050 |
_aM 611 _bHa293 19_? |
||
| 100 | _aHarper D. | ||
| 245 |
_aSkeleton / _cwritten by D. Harper ; illustrated by Studio Boni and L. R. Galante. |
||
| 260 |
_aLoughborough, Leicestershire, UK : _bLadybird, _c1995. |
||
| 300 | _a30 p. ; col. ; ill. | ||
| 650 | _aSkeletons | ||
| 999 |
_c103453 _d103453 |
||